Polskie miasta w strefie nadgranicznej - Statystyki

Ogólne statystyki
  • Ten quiz został rozwiązany 311 razy
    32 od ostatniego zresetowania
  • Średni wynik to 57 z 160
Statystyki odpowiedzi
Województwo Miasto % Poprawnych
Zachodniopomorskie Świnoujście
85%
Zachodniopomorskie Szczecin
85%
Podkarpackie Przemyśl
81%
Śląskie Cieszyn
70%
Dolnośląskie Wałbrzych
70%
Małopolskie Zakopane
70%
Opolskie Nysa
67%
Podlaskie Sejny
67%
Podkarpackie Ustrzyki Dolne
67%
Dolnośląskie Zgorzelec
67%
Pomorskie Gdańsk
63%
Pomorskie Gdynia
63%
Śląskie Jastrzębie-Zdrój
63%
Zachodniopomorskie Koszalin
63%
Zachodniopomorskie Międzyzdroje
63%
Zachodniopomorskie Police
63%
Warmińsko-mazurskie Gołdap
59%
Podlaskie Hajnówka
59%
Pomorskie Sopot
59%
Pomorskie Władysławowo
59%
Lubelskie Włodawa
59%
Warmińsko-mazurskie Braniewo
56%
Pomorskie Hel
56%
Lubelskie Hrubieszów
56%
Dolnośląskie Karpacz
56%
Lubuskie Kostrzyn nad Odrą
56%
Pomorskie Krynica Morska
56%
Lubuskie Słubice
56%
Lubelskie Terespol
56%
Śląskie Wisła
56%
Warmińsko-mazurskie Bartoszyce
52%
Opolskie Biała
52%
Dolnośląskie Bogatynia
52%
Opolskie Głuchołazy
52%
Pomorskie Jastarnia
52%
Dolnośląskie Jelenia Góra
52%
Zachodniopomorskie Kołobrzeg
52%
Pomorskie Nowy Dwór Gdański
52%
Małopolskie Nowy Targ
52%
Warmińsko-mazurskie Frombork
48%
Zachodniopomorskie Gryfice
48%
Dolnośląskie Kudowa-Zdrój
48%
Pomorskie Łeba
48%
Zachodniopomorskie Mielno
48%
Pomorskie Puck
48%
Śląskie Ustroń
48%
Zachodniopomorskie Cedynia
44%
Zachodniopomorskie Darłowo
44%
Podkarpackie Dukla
44%
Zachodniopomorskie Gryfino
44%
Lubuskie Gubin
44%
Podkarpackie Lubaczów
44%
Opolskie Otmuchów
44%
Dolnośląskie Świeradów-Zdrój
44%
Dolnośląskie Szklarska Poręba
44%
Pomorskie Wejherowo
44%
Śląskie Wodzisław Śląski
44%
Zachodniopomorskie Kamień Pomorski
41%
Małopolskie Krynica-Zdrój
41%
Podlaskie Krynki
41%
Dolnośląskie Lądek-Zdrój
41%
Dolnośląskie Polanica-Zdrój
41%
Śląskie Racibórz
41%
Pomorskie Rumia
41%
Pomorskie Ustka
41%
Warmińsko-mazurskie Węgorzewo
41%
Zachodniopomorskie Wolin
41%
Śląskie Żory
41%
Opolskie Głubczyce
37%
Opolskie Paczków
37%
Małopolskie Piwniczna-Zdrój
37%
Opolskie Prudnik
37%
Pomorskie Reda
37%
Podlaskie Sokółka
37%
Małopolskie Szczawnica
37%
Zachodniopomorskie Trzebiatów
37%
Dolnośląskie Duszniki-Zdrój
33%
Zachodniopomorskie Dziwnów
33%
Małopolskie Muszyna
33%
Zachodniopomorskie Nowe Warpno
33%
Dolnośląskie Złoty Stok
33%
Lubelskie Janów Podlaski
30%
Dolnośląskie Kowary
30%
Podlaskie Lipsk
30%
Lubelskie Lubycza Królewska
30%
Podlaskie Michałowo
30%
Dolnośląskie Międzylesie
30%
Pomorskie Pruszcz Gdański
30%
Śląskie Szczyrk
30%
Dolnośląskie Boguszów-Gorce
26%
Zachodniopomorskie Chojna
26%
Lubuskie Cybinka
26%
Podkarpackie Iwonicz-Zdrój
26%
Opolskie Kietrz
26%
Podlaskie Kleszczele
26%
Lubuskie Łęknica
26%
Dolnośląskie Lubawka
26%
Dolnośląskie Nowa Ruda
26%
Dolnośląskie Pieńsk
26%
Lubelskie Piszczac
26%
Śląskie Skoczów
26%
Małopolskie Stary Sącz
26%
Dolnośląskie Szczytna
26%
Warmińsko-mazurskie Tolkmicko
26%
Podkarpackie Bircza
22%
Dolnośląskie Bystrzyca Kłodzka
22%
Podlaskie Dąbrowa Białostocka
22%
Dolnośląskie Jedlina-Zdrój
22%
Lubuskie Krosno Odrzańskie
22%
Lubelskie Łaszczów
22%
Dolnośląskie Lubań
22%
Podkarpackie Narol
22%
Zachodniopomorskie Sianów
22%
Dolnośląskie Stronie Śląskie
22%
Śląskie Strumień
22%
Dolnośląskie Zawidów
22%
Pomorskie Żukowo
22%
Dolnośląskie Bielawa
19%
Podkarpackie Cieszanów
19%
Zachodniopomorskie Dębno
19%
Dolnośląskie Głuszyca
19%
Warmińsko-mazurskie Górowo Iławeckie
19%
Zachodniopomorskie Gościno
19%
Opolskie Krapkowice
19%
Lubuskie Lubsko
19%
Zachodniopomorskie Mieszkowice
19%
Zachodniopomorskie Moryń
19%
Lubuskie Ośno Lubuskie
19%
Dolnośląskie Radków
19%
Podkarpackie Rymanów
19%
Lubuskie Rzepin
19%
Warmińsko-mazurskie Sępopol
19%
Lubuskie Torzym
19%
Dolnośląskie Węgliniec
19%
Lubuskie Witnica
19%
Podkarpackie Zagórz
19%
Dolnośląskie Bardo
15%
Opolskie Głogówek
15%
Dolnośląskie Gryfów Śląski
15%
Warmińsko-mazurskie Korsze
15%
Śląskie Krzanowice
15%
Dolnośląskie Olszyna
15%
Dolnośląskie Piechowice
15%
Warmińsko-mazurskie Pieniężno
15%
Zachodniopomorskie Stepnica
15%
Opolskie Branice
11%
Lubuskie Brody
11%
Lubuskie Gozdnica
11%
Dolnośląskie Kamieniec Ząbkowicki
11%
Dolnośląskie Leśna
11%
Małopolskie Maków Podhalański
11%
Dolnośląskie Mieroszów
11%
Dolnośląskie Nowogrodziec
11%
Dolnośląskie Pieszyce
11%
Opolskie Baborów
7%
Zachodniopomorskie Karlino
7%
Opolskie Korfantów
7%
Dolnośląskie Mirsk
7%
Opolskie Strzeleczki
7%
Dolnośląskie Ziębice
7%
Nie znaleziono quizów pasujących do podanych kryteriów
Rozkład punktacji
Procent ludzi z każdym wynikiem
Percentyl według liczby udzielonych odpowiedzi
Twoja historia wyników
Nie rozwiązałeś tego quizu od ostatniego zresetowania